000 00547cam a2200205ua 4500
001 420
008 110331n ii |||gr||||Z||||||eng
020 _a81-7729-035-5
040 _cMAIN
082 _a327
245 1 _aInternational relations for civil services (main) exam.
_cBy Prakash Chander.
250 _a19th.
260 _aNew Delhi.:
_bCosmos bookhive.,
_c2000.
300 _a770 p.:6 cm.
653 _aPolitical science.
653 _aInternational relations.
700 1 _aChander, Prakash.,
700 1 _aArora, Prem.,
942 _cBK
999 _c365
_d365